[Event "Guernsey International Holiday 2016"]
[Site "Guernsey, GCI"]
[Date "2016.10.16"]
[Round "1"]
[White "Kirk, Matthew"]
[Black "Bakkes, Frits"]
[Result "1-0"]
[WhiteElo "1791"]
[BlackElo "1641"]
[PlyCount "45"]
[EventDate "2016.10.16"]
[EventType "swiss"]
[EventRounds "6"]

1. d4 d5 2. c4 e6 3. Nc3 Nf6 4. Bg5 c6 5. e3 Nbd7 6. Nf3 Bb4 7. cxd5 cxd5 8.
Bxf6 Bxc3+ 9. bxc3 Nxf6 10. Bd3 O-O 11. O-O Bd7 12. Qc2 Rc8 13. Rab1 Qa5 14.
Rfc1 Ba4 15. Qb2 Bc6 16. Qb4 Qxb4 17. cxb4 b6 18. Ba6 Ne4 19. Bxc8 Rxc8 20. b5
Bd7 21. Rxc8+ Bxc8 22. Rc1 Nd6 23. Rc6 1-0

[Event "Guernsey International Holiday 2016"]
[Site "Guernsey, GCI"]
[Date "2016.10.16"]
[Round "1"]
[White "Jongerius, Marc"]
[Black "Turner, David J"]
[Result "0-1"]
[WhiteElo "1637"]
[BlackElo "1793"]
[PlyCount "60"]
[EventDate "2016.10.16"]
[EventType "swiss"]
[EventRounds "6"]

1. e4 d6 2. d4 Nf6 3. Nc3 g6 4. f3 Bg7 5. Be3 O-O 6. Qd2 c6 7. Bh6 b5 8. Bxg7
Kxg7 9. Rd1 Qc7 10. Bd3 a5 11. b3 Ba6 12. Nge2 Nbd7 13. O-O Rfc8 14. f4 e5 15.
f5 b4 16. Na4 c5 17. dxc5 dxc5 18. Bxa6 Rxa6 19. Nb2 Rc6 20. Nc4 Ra8 21. a4 Nb6
22. Qd3 Nxc4 23. Qxc4 Rd8 24. Rxd8 Qxd8 25. Qd3 Rd6 26. Qe3 Qc7 27. c4 Qd7 28.
Qxc5 Rd1 29. Rxd1 Qxd1+ 30. Kf2 Nxe4+ 0-1

[Event "Guernsey International Holiday 2016"]
[Site "Guernsey, GCI"]
[Date "2016.10.16"]
[Round "1"]
[White "Goris Schouwstra, Adry"]
[Black "Rowe, Oliver"]
[Result "1-0"]
[WhiteElo "1796"]
[BlackElo "1585"]
[PlyCount "68"]
[EventDate "2016.10.16"]
[EventType "swiss"]
[EventRounds "6"]

1. d4 Nf6 2. Nf3 d5 3. e3 Bf5 4. Be2 h6 5. O-O e6 6. Nbd2 Bd6 7. c4 c6 8. c5
Bc7 9. Ne5 Nbd7 10. f4 O-O 11. Ndf3 b5 12. Nxc6 Qe8 13. Bxb5 Nb8 14. Nxa7 Qe7
15. Nc6 Qe8 16. Nfe5 Bxe5 17. fxe5 Ne4 18. Na7 Qe7 19. Nc8 Qb7 20. Nb6 Ra5 21.
a4 Qe7 22. Bd2 Rxb5 23. axb5 Qg5 24. Rf4 Bh3 25. Qe2 Bxg2 26. Rg4 Bf3 27. Qxf3
Nxd2 28. Qg3 Qh5 29. c6 Nc4 30. Nxc4 dxc4 31. Rf1 g5 32. Rf6 Kh7 33. Qf3 Kg7
34. h3 Kg8 1-0

[Event "Guernsey International Holiday 2016"]
[Site "Guernsey, GCI"]
[Date "2016.10.16"]
[Round "1"]
[White "Ruigrok, Jacques"]
[Black "Hoogakker, Peter"]
[Result "1/2-1/2"]
[WhiteElo "1559"]
[BlackElo "1789"]
[PlyCount "27"]
[EventDate "2016.10.16"]
[EventType "swiss"]
[EventRounds "6"]

1. e4 d6 2. d4 Nf6 3. Nc3 Nbd7 4. f4 e5 5. Nf3 exd4 6. Qxd4 Nc5 7. e5 Ng4 8.
Bd3 Nxd3+ 9. Qxd3 c6 10. h3 Nh6 11. g4 Be7 12. Be3 Bh4+ 13. Kd2 Be7 14. Rad1
1/2-1/2

[Event "Guernsey International Holiday 2016"]
[Site "Guernsey, GCI"]
[Date "2016.10.16"]
[Round "1"]
[White "Thackray, Ian M"]
[Black "Beadle, John R"]
[Result "1/2-1/2"]
[WhiteElo "1765"]
[BlackElo "1522"]
[PlyCount "40"]
[EventDate "2016.10.16"]
[EventType "swiss"]
[EventRounds "6"]

1. e4 c6 2. d4 d5 3. exd5 cxd5 4. Bd3 Nc6 5. c3 g6 6. h4 Nf6 7. Bg5 Bg7 8. Nd2
O-O 9. Qc2 Bd7 10. Bxf6 exf6 11. O-O-O Nxd4 12. Qb1 Rc8 13. Ne2 Nxe2+ 14. Bxe2
Qb6 15. Rhf1 f5 16. Qd3 Rfe8 17. Nb3 Rxe2 18. Qxe2 Bb5 19. Qe3 Qxe3+ 20. fxe3
Bxf1 1/2-1/2

[Event "Guernsey International Holiday 2016"]
[Site "Guernsey, GCI"]
[Date "2016.10.16"]
[Round "1"]
[White "Bennett, David"]
[Black "Collins, Alan"]
[Result "1/2-1/2"]
[WhiteElo "1405"]
[BlackElo "1746"]
[PlyCount "78"]
[EventDate "2016.10.16"]
[EventType "swiss"]
[EventRounds "6"]

1. Nf3 d6 2. d4 Bg4 3. Nbd2 Nd7 4. e4 e5 5. d5 Be7 6. Be2 Ngf6 7. O-O O-O 8. c4
a5 9. a4 Nc5 10. Qc2 Bh5 11. Re1 Bg6 12. Bd3 Nxd3 13. Qxd3 Nd7 14. Nb3 f5 15.
Nfd2 Bg5 16. Qc3 b6 17. Nf3 Bxc1 18. Nxc1 fxe4 19. Nd2 Nf6 20. Ne2 Ng4 21. Rf1
Qg5 22. Ng3 Qh6 23. h3 e3 24. Nf3 exf2+ 25. Kh1 Nf6 26. Rxf2 Nh5 27. Nxh5 Qxh5
28. Raf1 Rf7 29. Qe3 Raf8 30. Kg1 e4 31. Ng5 Rxf2 32. Rxf2 Rxf2 33. Kxf2 h6 34.
Ne6 Qh4+ 35. Kg1 Qe7 36. Nd4 Qf6 37. b3 Qe7 38. Nc6 Qf6 39. Nd4 Qe7 1/2-1/2

[Event "Guernsey International Holiday 2016"]
[Site "Guernsey, GCI"]
[Date "2016.10.16"]
[Round "1"]
[White "Norman, Dinah M"]
[Black "Kerr, Matthew"]
[Result "1-0"]
[WhiteElo "1732"]
[BlackElo "1400"]
[PlyCount "99"]
[EventDate "2016.10.16"]
[EventType "swiss"]
[EventRounds "6"]

1. d4 e6 2. e4 d5 3. exd5 exd5 4. Bd3 Nf6 5. Ne2 Nc6 6. c3 Be7 7. h3 O-O 8. Bf4
Re8 9. O-O Bd6 10. Bxd6 Qxd6 11. Nd2 Bd7 12. Nf3 Ne4 13. Qc1 h6 14. Qf4 Qxf4
15. Nxf4 Nf6 16. Rfe1 Ne7 17. Ne5 Bf5 18. Bf1 Ne4 19. Rad1 c6 20. Nfd3 Ng6 21.
Nxg6 Bxg6 22. Nf4 Bf5 23. Nd3 f6 24. Re3 b6 25. Nb4 Re6 26. f3 Ng3 27. Rxe6
Bxe6 28. Ba6 Bc8 29. Bd3 Bd7 30. Kf2 a5 31. Nxc6 Bxc6 32. Kxg3 Re8 33. Kf2 Re7
34. Re1 Rxe1 35. Kxe1 Kf7 36. Kd2 b5 37. b3 Ke7 38. a3 a4 39. bxa4 bxa4 40. c4
dxc4 41. Bxc4 Kd6 42. Kc3 Bd5 43. Bb5 Bc6 44. Bxc6 Kxc6 45. Kb4 Kd5 46. Kxa4
Kxd4 47. Kb5 Kd5 48. a4 Kd6 49. Kb6 Kd7 50. Kb7 1-0

[Event "Guernsey International Holiday 2016"]
[Site "Guernsey, GCI"]
[Date "2016.10.16"]
[Round "1"]
[White "Foran, Barry"]
[Black "Finch, Russell"]
[Result "1-0"]
[WhiteElo "1394"]
[BlackElo "1742"]
[PlyCount "61"]
[EventDate "2016.10.16"]
[EventType "swiss"]
[EventRounds "6"]

1. d4 e6 2. Nf3 f5 3. d5 d6 4. dxe6 Bxe6 5. Nc3 Nf6 6. e3 Be7 7. b3 O-O 8. Ng5
Qd7 9. Nxe6 Qxe6 10. Bc4 d5 11. Nxd5 Kh8 12. Nxc7 Qe5 13. Nxa8 Qxa1 14. O-O Rd8
15. Qf3 Nc6 16. Ba3 Qxa2 17. Bxe7 Nxe7 18. Nc7 Rd7 19. Ne6 Qxc2 20. Nd4 Qe4 21.
Qg3 f4 22. Qh3 fxe3 23. fxe3 Rd8 24. Ne6 Rd2 25. Ng5 Qc2 26. Qg3 Nc6 27. Nf7+
Kg8 28. Ne5+ Nd5 29. Nxc6 Rxg2+ 30. Qxg2 Qxg2+ 31. Kxg2 1-0

[Event "Guernsey International Holiday 2016"]
[Site "Guernsey, GCI"]
[Date "2016.10.16"]
[Round "1"]
[White "Kearsley, Raymond J"]
[Black "Nalichowski, Bogdan"]
[Result "1-0"]
[WhiteElo "1736"]
[BlackElo "1380"]
[PlyCount "47"]
[EventDate "2016.10.16"]
[EventType "swiss"]
[EventRounds "6"]

1. e4 e5 2. Nf3 d6 3. d4 exd4 4. Nxd4 a6 5. Nc3 Nf6 6. Bd3 c5 7. Nde2 Be6 8.
Nf4 Be7 9. O-O Nc6 10. Nfd5 h6 11. Nxf6+ Bxf6 12. f4 Bxc3 13. bxc3 Qb6 14. Be3
O-O 15. f5 Bxf5 16. exf5 f6 17. Bc4+ Kh7 18. Rb1 Qc7 19. Bd5 Na5 20. Qh5 Qe7
21. Rbe1 Qe8 22. Qh4 Nc6 23. Bxh6 Ne5 24. Bf4+ 1-0

[Event "Guernsey International Holiday 2016"]
[Site "Guernsey, GCI"]
[Date "2016.10.16"]
[Round "1"]
[White "Newrick, William"]
[Black "Goman, Colin"]
[Result "0-1"]
[WhiteElo "1225"]
[BlackElo "1734"]
[PlyCount "62"]
[EventDate "2016.10.16"]
[EventType "swiss"]
[EventRounds "6"]

1. d4 d6 2. Nf3 Nf6 3. c4 g6 4. e3 Bg7 5. Nc3 O-O 6. Bd3 c5 7. d5 a6 8. O-O e6
9. e4 exd5 10. cxd5 b5 11. Bg5 Qc7 12. Re1 Nbd7 13. Bf4 b4 14. Bxd6 Qxd6 15. e5
Nxe5 16. Rxe5 bxc3 17. bxc3 Ng4 18. Rg5 Bxc3 19. Rc1 Bg7 20. h3 Nf6 21. Qc2 Nd7
22. Re1 Bb7 23. Nh4 Bxd5 24. Nf5 Qf6 25. Ne7+ Kh8 26. Nxg6+ fxg6 27. Rxd5 Rad8
28. Rd1 Qe7 29. Bxa6 Bd4 30. Bc4 Rxf2 31. Qd3 Rd2+ 0-1

[Event "Guernsey International Holiday 2016"]
[Site "Guernsey, GCI"]
[Date "2016.10.16"]
[Round "1"]
[White "Bateman, Kerry"]
[Black "Brown, Jim"]
[Result "1-0"]
[WhiteElo "1742"]
[BlackElo "1195"]
[PlyCount "51"]
[EventDate "2016.10.16"]
[EventType "swiss"]
[EventRounds "6"]

1. e4 c6 2. d4 d6 3. Bf4 Nd7 4. Nf3 h6 5. Bc4 Nb6 6. Bb3 Nf6 7. Nc3 e6 8. O-O
Be7 9. Qd2 g5 10. Bg3 a5 11. a3 a4 12. Ba2 Ra5 13. h3 Ra8 14. Rad1 Ra5 15. Rfe1
g4 16. hxg4 Nxg4 17. d5 e5 18. dxc6 bxc6 19. Ne2 h5 20. Qxa5 h4 21. Bh2 Nxh2
22. Kxh2 h3 23. g3 Bg4 24. Nxe5 dxe5 25. Rxd8+ Bxd8 26. Qxe5+ 1-0

[Event "Guernsey International Holiday 2016"]
[Site "Guernsey, GCI"]
[Date "2016.10.17"]
[Round "2"]
[White "Kearsley, Raymond J"]
[Black "Van Hoek, Wim"]
[Result "0-1"]
[WhiteElo "1736"]
[BlackElo "1888"]
[PlyCount "58"]
[EventDate "2016.10.16"]
[EventType "swiss"]
[EventRounds "6"]

1. e4 e5 2. Nf3 Nc6 3. c3 d5 4. Qa4 f6 5. d3 Be6 6. Be2 Bd6 7. Be3 Nge7 8. Na3
a6 9. O-O O-O 10. c4 d4 11. Bd2 b5 12. Qd1 b4 13. Nc2 a5 14. b3 Qd7 15. a3 bxa3
16. Nxa3 Bxa3 17. Rxa3 Nb4 18. Bxb4 axb4 19. Ra1 c5 20. Qd2 Qb7 21. Qc2 Ra3 22.
Rxa3 bxa3 23. Ra1 Ra8 24. Nd2 Qb4 25. Ra2 Qc3 26. Bd1 Qa5 27. h3 Nc6 28. Qb1
Nb4 29. Ra1 a2 0-1

[Event "Guernsey International Holiday 2016"]
[Site "Guernsey, GCI"]
[Date "2016.10.17"]
[Round "2"]
[White "Goman, Colin"]
[Black "Baart, Edwin"]
[Result "1/2-1/2"]
[WhiteElo "1734"]
[BlackElo "1847"]
[PlyCount "27"]
[EventDate "2016.10.16"]
[EventType "swiss"]
[EventRounds "6"]

1. d4 Nf6 2. Nf3 d5 3. e3 Bg4 4. Be2 e6 5. Nbd2 Nbd7 6. c3 c6 7. Qc2 Be7 8. e4
dxe4 9. Nxe4 Nxe4 10. Qxe4 Nf6 11. Qc2 O-O 12. Ne5 Bxe2 13. Qxe2 Qd5 14. O-O
1/2-1/2

[Event "Guernsey International Holiday 2016"]
[Site "Guernsey, GCI"]
[Date "2016.10.17"]
[Round "2"]
[White "Haisma, Henk"]
[Black "Bateman, Kerry"]
[Result "1/2-1/2"]
[WhiteElo "1836"]
[BlackElo "1742"]
[PlyCount "79"]
[EventDate "2016.10.16"]
[EventType "swiss"]
[EventRounds "6"]

1. b4 e5 2. Bb2 Bxb4 3. Bxe5 Nf6 4. e3 Nc6 5. Bb2 O-O 6. a3 Ba5 7. Nf3 d5 8. c4
Ne4 9. Qc2 Re8 10. cxd5 Bf5 11. Qb3 Ne7 12. Bb5 c6 13. dxc6 bxc6 14. Bc4 Nd5
15. Bxd5 Qxd5 16. Qxd5 cxd5 17. O-O Nc5 18. Nd4 Bd3 19. Rc1 Ne4 20. Nc6 Bxd2
21. Nxd2 Nxd2 22. Rd1 Bb5 23. Nxa7 Rxa7 24. Rxd2 Bc4 25. Bd4 Rb7 26. a4 Reb8
27. f3 Rb1+ 28. Rxb1 Rxb1+ 29. Kf2 f5 30. Rb2 Rxb2+ 31. Bxb2 g6 32. g4 fxg4 33.
fxg4 Kf7 34. h4 Ke6 35. Kf3 h5 36. gxh5 gxh5 37. Kf4 Kd7 38. e4 dxe4 39. Kxe4
Kc6 40. Kd4 1/2-1/2

[Event "Guernsey International Holiday 2016"]
[Site "Guernsey, GCI"]
[Date "2016.10.17"]
[Round "2"]
[White "Kershaw, Graham J"]
[Black "Goris Schouwstra, Adry"]
[Result "0-1"]
[WhiteElo "1687"]
[BlackElo "1796"]
[PlyCount "82"]
[EventDate "2016.10.16"]
[EventType "swiss"]
[EventRounds "6"]

1. e4 e6 2. d4 d5 3. Nd2 c5 4. c3 cxd4 5. cxd4 dxe4 6. Nxe4 Nc6 7. Nf3 h6 8.
Bb5 Bd7 9. O-O a6 10. Be2 Nf6 11. Nc5 Qc7 12. Nxd7 Qxd7 13. Qb3 Nd5 14. Bd2 Bd6
15. Bc4 Nf6 16. Rfe1 Ne7 17. Bxe6 fxe6 18. Rxe6 Nfd5 19. Rae1 O-O-O 20. g3 Rhf8
21. Rc1+ Kb8 22. Re2 Rc8 23. Rxc8+ Rxc8 24. Ne5 Bxe5 25. dxe5 Qf5 26. Be1 Rc1
27. f3 Qg6 28. Kg2 Nf4+ 29. Kf2 Nxe2 30. Kxe2 Rc2+ 31. Kf1 Qc6 32. Qe3 Rxb2 33.
Bf2 Nd5 34. Qa7+ Kc7 35. Qd4 Rb1+ 36. Kg2 Rc1 37. g4 Rc4 38. Qd2 Nf4+ 39. Kg3
Ne6 40. Qd3 Rc3 41. Qf5 Ng5 0-1

[Event "Guernsey International Holiday 2016"]
[Site "Guernsey, GCI"]
[Date "2016.10.17"]
[Round "2"]
[White "Turner, David J"]
[Black "Foran, Barry"]
[Result "1-0"]
[WhiteElo "1793"]
[BlackElo "1394"]
[PlyCount "56"]
[EventDate "2016.10.16"]
[EventType "swiss"]
[EventRounds "6"]

1. e4 c6 2. d3 d5 3. Nd2 e5 4. Ngf3 Bd6 5. Be2 Nf6 6. h3 O-O 7. Nh2 Re8 8. a3
a5 9. Bg4 Na6 10. Qe2 b5 11. Bxc8 Rxc8 12. g4 g6 13. Ndf1 Bf8 14. Ne3 dxe4 15.
dxe4 Nc5 16. g5 Nfd7 17. Neg4 Ne6 18. h4 Nd4 19. Qd1 Be7 20. c3 Ne6 21. Nh6+
Kf8 22. Qf3 Nf4 23. Bxf4 exf4 24. Qxf4 f6 25. Qg4 Ne5 26. Qe6 Kg7 27. Rd1 Qc7
28. Ke2 Bd8 1-0

[Event "Guernsey International Holiday 2016"]
[Site "Guernsey, GCI"]
[Date "2016.10.17"]
[Round "2"]
[White "Kirkwood, Robin"]
[Black "Kirk, Matthew"]
[Result "1-0"]
[WhiteElo "1646"]
[BlackElo "1791"]
[PlyCount "59"]
[EventDate "2016.10.16"]
[EventType "swiss"]
[EventRounds "6"]

1. d4 d5 2. e3 Nf6 3. Bd3 c6 4. f4 Bg4 5. Nf3 e6 6. O-O Nbd7 7. Nbd2 Qb6 8. c4
c5 9. Qb3 Bxf3 10. Rxf3 cxd4 11. Qxb6 Nxb6 12. exd4 dxc4 13. Nxc4 Nxc4 14. Bxc4
a6 15. f5 O-O-O 16. Bg5 Rxd4 17. Rc1 Kb8 18. fxe6 fxe6 19. Bxe6 Be7 20. Rfc3
Rdd8 21. Bf4+ Ka8 22. Rc7 Bd6 23. Bxd6 Rxd6 24. Bc8 Rhd8 25. Bxb7+ Kb8 26. Bf3
Rb6 27. Rxg7 Rxb2 28. Rf7 Rd6 29. Rf8+ Ka7 30. Ra8+ 1-0

[Event "Guernsey International Holiday 2016"]
[Site "Guernsey, GCI"]
[Date "2016.10.17"]
[Round "2"]
[White "Harnden, Terry"]
[Black "Norman, Dinah M"]
[Result "1/2-1/2"]
[WhiteElo "1368"]
[BlackElo "1732"]
[PlyCount "45"]
[EventDate "2016.10.16"]
[EventType "swiss"]
[EventRounds "6"]

1. e4 c6 2. d4 d5 3. exd5 cxd5 4. Nf3 Nf6 5. Be2 Nc6 6. O-O e6 7. a3 Be7 8. h3
Qb6 9. b4 a6 10. Be3 Qc7 11. Nbd2 Bd7 12. Nb3 b6 13. Rc1 b5 14. Nc5 O-O 15. Bg5
h6 16. Bh4 Rfd8 17. Bg3 Qa7 18. Bh4 Be8 19. c3 Nh7 20. Nd3 Bxh4 21. Nxh4 Qc7
22. Nf3 Nf6 23. Nfe5 1/2-1/2

[Event "Guernsey International Holiday 2016"]
[Site "Guernsey, GCI"]
[Date "2016.10.17"]
[Round "2"]
[White "Van Vliet, Ton"]
[Black "Derrick, Neil"]
[Result "1/2-1/2"]
[WhiteElo "1596"]
[BlackElo "1829"]
[PlyCount "56"]
[EventDate "2016.10.16"]
[EventType "swiss"]
[EventRounds "6"]

1. e4 c5 2. Nf3 d6 3. d4 cxd4 4. c3 dxc3 5. Nxc3 Nc6 6. Bc4 Nf6 7. Qe2 a6 8.
O-O Bg4 9. Rd1 Bxf3 10. gxf3 e6 11. f4 Qc7 12. f5 Na5 13. Bd3 Rc8 14. Bf4 e5
15. Bg5 Be7 16. Rac1 Qd8 17. Bxf6 Bxf6 18. Nd5 O-O 19. Qg4 Rxc1 20. Rxc1 Nc6
21. Nxf6+ Qxf6 22. Bxa6 Nb4 23. Bxb7 Nxa2 24. Rc8 Rxc8 25. Bxc8 Nb4 26. Qg3 h6
27. Qc3 Qg5+ 28. Kf1 Qd8 1/2-1/2

[Event "Guernsey International Holiday 2016"]
[Site "Guernsey, GCI"]
[Date "2016.10.17"]
[Round "2"]
[White "Nielsen, Jorgen Holmstrom"]
[Black "Ruigrok, Jacques"]
[Result "0-1"]
[WhiteElo "1797"]
[BlackElo "1559"]
[PlyCount "70"]
[EventDate "2016.10.16"]
[EventType "swiss"]
[EventRounds "6"]

1. Nc3 e5 2. Nf3 Nc6 3. d4 exd4 4. Nxd4 Nf6 5. Bg5 Bb4 6. Qd3 d6 7. O-O-O Bxc3
8. Qxc3 Ne4 9. Bxd8 Nxc3 10. Rd3 Nxa2+ 11. Kb1 Nab4 12. Rb3 Nxd4 13. Rxb4 Nc6
14. Bxc7 Nxb4 15. Bxd6 Nc6 16. e4 Be6 17. f4 Rd8 18. e5 f5 19. Bd3 Kf7 20. g4
g6 21. g5 h6 22. h4 hxg5 23. fxg5 Rh7 24. Be2 Rdh8 25. h5 gxh5 26. Rg1 Kg6 27.
c3 h4 28. Bf3 h3 29. Bh1 Rh5 30. b4 Rxg5 31. Rxg5+ Kxg5 32. b5 Na5 33. Bc5 b6
34. Bd4 Rd8 35. Bf3 Bd5 0-1

[Event "Guernsey International Holiday 2016"]
[Site "Guernsey, GCI"]
[Date "2016.10.17"]
[Round "2"]
[White "Hoogakker, Peter"]
[Black "Foster, Paul"]
[Result "1-0"]
[WhiteElo "1789"]
[BlackElo "1645"]
[PlyCount "37"]
[EventDate "2016.10.16"]
[EventType "swiss"]
[EventRounds "6"]

1. e4 d5 2. Nc3 d4 3. Nce2 e5 4. Nf3 Nc6 5. Ng3 a6 6. Bc4 Be6 7. Bxe6 fxe6 8.
d3 Qd7 9. Bd2 O-O-O 10. b4 b5 11. a4 Kb7 12. axb5 axb5 13. Qb1 Ra8 14. Rxa8
Kxa8 15. Qa2+ Kb7 16. O-O Bxb4 17. Ra1 Kb6 18. Bxb4 Nxb4 19. Qa7+ 1-0

[Event "Guernsey International Holiday 2016"]
[Site "Guernsey, GCI"]
[Date "2016.10.17"]
[Round "2"]
[White "Jones, Sidney A"]
[Black "Thackray, Ian M"]
[Result "1/2-1/2"]
[WhiteElo "1472"]
[BlackElo "1765"]
[PlyCount "29"]
[EventDate "2016.10.16"]
[EventType "swiss"]
[EventRounds "6"]

1. d4 e6 2. c4 Bb4+ 3. Nc3 Nf6 4. Qc2 b6 5. a3 Bxc3+ 6. Qxc3 Ne4 7. Qe3 Bb7 8.
Nf3 O-O 9. g3 d5 10. Bg2 Nd7 11. Ng5 Nxg5 12. Qxg5 Qxg5 13. Bxg5 c6 14. cxd5
cxd5 15. Rc1 1/2-1/2

[Event "Guernsey International Holiday 2016"]
[Site "Guernsey, GCI"]
[Date "2016.10.17"]
[Round "2"]
[White "Collins, Alan"]
[Black "Gibzinski, Stanislaw"]
[Result "1-0"]
[WhiteElo "1746"]
[BlackElo "1384"]
[PlyCount "79"]
[EventDate "2016.10.16"]
[EventType "swiss"]
[EventRounds "6"]

1. c4 e6 2. Nc3 d5 3. cxd5 exd5 4. d4 Nf6 5. Bf4 c6 6. e3 Bf5 7. Be2 Nbd7 8.
Nf3 h6 9. h3 Qa5 10. a3 Be7 11. b4 Qb6 12. O-O O-O 13. Na4 Qd8 14. Nc5 Nxc5 15.
dxc5 Re8 16. Nd4 Be4 17. Bd3 Bf8 18. Bxe4 dxe4 19. Qc2 Nd5 20. Bh2 Qg5 21. Rfe1
g6 22. Rad1 Bg7 23. Bd6 f5 24. g3 Be5 25. Bxe5 Rxe5 26. Kh2 Rae8 27. b5 Qf6 28.
bxc6 bxc6 29. Rb1 g5 30. Rb7 R5e7 31. Rxe7 Rxe7 32. Qa4 Rc7 33. Qd1 g4 34. h4
Kh7 35. Qa4 f4 36. Qc2 fxg3+ 37. fxg3 Kg7 38. Qe2 h5 39. Rf1 Qh6 40. Nf5+ 1-0

[Event "Guernsey International Holiday 2016"]
[Site "Guernsey, GCI"]
[Date "2016.10.17"]
[Round "2"]
[White "O'Connell, Denis"]
[Black "Bennett, David"]
[Result "1/2-1/2"]
[WhiteElo "1694"]
[BlackElo "1405"]
[PlyCount "143"]
[EventDate "2016.10.16"]
[EventType "swiss"]
[EventRounds "6"]

1. e4 e6 2. Nf3 d5 3. Nc3 dxe4 4. Nxe4 Be7 5. d4 Nf6 6. Bd3 O-O 7. O-O Nc6 8.
c3 e5 9. Nxe5 Nxe5 10. dxe5 Nxe4 11. Bxe4 Qxd1 12. Rxd1 c6 13. Be3 Be6 14. b3
f6 15. exf6 Bxf6 16. Bd4 Bxd4 17. Rxd4 Rf6 18. Rad1 Raf8 19. f3 Bf5 20. Bxf5
Rxf5 21. Rd7 Rb8 22. Rc7 Rf7 23. Rdd7 Rxd7 24. Rxd7 a6 25. Rc7 h6 26. Kf2 Kh7
27. f4 h5 28. Kg3 Kh6 29. h4 Kg6 30. c4 a5 31. Kf3 Kf6 32. g4 g6 33. g5+ Ke6
34. Ke4 Kd6 35. Rg7 Re8+ 36. Kf3 Re6 37. Rxb7 Kc5 38. a3 Rd6 39. Re7 Rd1 40.
Re5+ Kb6 41. Ke2 Rh1 42. f5 gxf5 43. Rxf5 Rxh4 44. g6 Rg4 45. Rxh5 Rxg6 46. Rh3
Rg2+ 47. Kd3 Rb2 48. Kc3 Rb1 49. Rh5 Rc1+ 50. Kb2 Rd1 51. Kc2 Ra1 52. a4 Rf1
53. c5+ Ka6 54. Rh8 Rf5 55. Ra8+ Kb7 56. Rxa5 Rf2+ 57. Kc3 Rf3+ 58. Kb4 Rf4+
59. Ka3 Rf3 60. Ka2 Rf2+ 61. Kb1 Rf1+ 62. Kc2 Rf2+ 63. Kd1 Rb2 64. b4 Rxb4 65.
Kc2 Rc4+ 66. Kd3 Rc1 67. Ke4 Re1+ 68. Kf5 Rf1+ 69. Ke6 Re1+ 70. Kd7 Rd1+ 71.
Ke6 Re1+ 72. Kf5 1/2-1/2

[Event "Guernsey International Holiday 2016"]
[Site "Guernsey, GCI"]
[Date "2016.10.17"]
[Round "2"]
[White "Gunn, Michael J"]
[Black "Van Beek, Ronald E"]
[Result "1-0"]
[WhiteElo "1649"]
[BlackElo "1297"]
[PlyCount "111"]
[EventDate "2016.10.16"]
[EventType "swiss"]
[EventRounds "6"]

1. e4 e6 2. d4 d5 3. Nd2 c5 4. c3 Nc6 5. Ngf3 h6 6. Bd3 Qb6 7. exd5 exd5 8.
Qe2+ Be6 9. Bf5 Nce7 10. Bxe6 Qxe6 11. Qxe6 fxe6 12. dxc5 Nc6 13. b4 a6 14. O-O
O-O-O 15. Re1 Re8 16. Ne5 Nxe5 17. Rxe5 g5 18. Bb2 Bg7 19. Re2 Kd7 20. Rae1 Rh7
21. Nf3 Bh8 22. Ne5+ Bxe5 23. Rxe5 Nf6 24. f3 Rhe7 25. Bc1 Kc6 26. a4 Nd7 27.
R5e2 b6 28. cxb6 Nxb6 29. Ra2 Nc4 30. h4 Rg7 31. Rae2 Rg6 32. hxg5 hxg5 33. f4
gxf4 34. Bxf4 Kd7 35. Be5 Nxe5 36. Rxe5 Rg3 37. R5e3 Rg4 38. Rh3 Rc4 39. a5
Rec8 40. Rhe3 Rxc3 41. Rxe6 Rc1 42. Re7+ Kd6 43. R7e6+ Kd7 44. R6e2 Rxe1+ 45.
Rxe1 Kc6 46. Rc1+ Kd7 47. Rxc8 Kxc8 48. Kf2 Kc7 49. Ke3 Kc6 50. Kd4 Kb5 51.
Kxd5 Kxb4 52. g4 Kxa5 53. Kc4 Kb6 54. g5 a5 55. g6 a4 56. Kb4 1-0

[Event "Guernsey International Holiday 2016"]
[Site "Guernsey, GCI"]
[Date "2016.10.17"]
[Round "2"]
[White "Beadle, John R"]
[Black "Glover, John"]
[Result "1/2-1/2"]
[WhiteElo "1522"]
[BlackElo "1826"]
[PlyCount "56"]
[EventDate "2016.10.16"]
[EventType "swiss"]
[EventRounds "6"]

1. e4 d5 2. exd5 Qxd5 3. Nc3 Qd6 4. d4 Nf6 5. h3 c6 6. Nf3 Bf5 7. Bd3 Bg6 8.
Bg5 Nbd7 9. Bh4 Nb6 10. O-O e6 11. Bg3 Qd8 12. Ne5 Bxd3 13. Qxd3 Bd6 14. Rfe1
O-O 15. Ne4 Nxe4 16. Rxe4 Nd5 17. Bh4 Be7 18. Bxe7 Qxe7 19. Rae1 Rad8 20. g3 c5
21. Rh4 Nf6 22. Qa3 Rc8 23. Rd1 Qc7 24. dxc5 Qxc5 25. Qxc5 Rxc5 26. Nd7 Nxd7
27. Rxd7 Rb5 28. b3 Rb8 1/2-1/2

[Event "Guernsey International Holiday 2016"]
[Site "Guernsey, GCI"]
[Date "2016.10.17"]
[Round "2"]
[White "Rowe, Oliver"]
[Black "Dennis, Nigel W"]
[Result "1/2-1/2"]
[WhiteElo "1585"]
[BlackElo "1813"]
[PlyCount "49"]
[EventDate "2016.10.16"]
[EventType "swiss"]
[EventRounds "6"]

1. d4 Nf6 2. Bf4 d6 3. e3 g6 4. Be2 Bg7 5. Nf3 Nh5 6. Bg5 c5 7. c3 cxd4 8. exd4
Nd7 9. O-O O-O 10. Re1 Re8 11. Bb5 a6 12. Ba4 b5 13. Bc2 Bb7 14. Be4 Bxe4 15.
Rxe4 Nhf6 16. Re2 Qc7 17. Qe1 e5 18. Nbd2 exd4 19. Nxd4 Rxe2 20. Qxe2 Re8 21.
Qf1 Nc5 22. Re1 Qd7 23. Rxe8+ Qxe8 24. Be3 Nfe4 25. N2f3 1/2-1/2

[Event "Guernsey International Holiday 2016"]
[Site "Guernsey, GCI"]
[Date "2016.10.17"]
[Round "2"]
[White "Finch, Russell"]
[Black "Jongerius, Marc"]
[Result "1-0"]
[WhiteElo "1742"]
[BlackElo "1637"]
[PlyCount "73"]
[EventDate "2016.10.16"]
[EventType "swiss"]
[EventRounds "6"]

1. d4 Nf6 2. Nf3 d5 3. Bf4 c5 4. c3 e6 5. e3 Nc6 6. Nbd2 Bd6 7. Bg3 O-O 8. Bd3
c4 9. Bc2 Re8 10. Ne5 Qc7 11. f4 g6 12. Bh4 Be7 13. Bxf6 Bxf6 14. Qf3 Bg7 15.
h4 f5 16. h5 Nxe5 17. dxe5 Qf7 18. g4 Bd7 19. hxg6 Qxg6 20. gxf5 exf5 21. Qxd5+
Qe6 22. Qxc4 Bc6 23. Qxe6+ Rxe6 24. Bb3 Bxh1 25. Bxe6+ Kf8 26. Ke2 Bc6 27. Bxf5
h6 28. Be4 Rd8 29. Bxc6 bxc6 30. Rd1 Ke7 31. Nf3 Rxd1 32. Kxd1 Ke6 33. e4 h5
34. Nd4+ Kd7 35. Nf5 Bf8 36. Ke2 Ke6 37. Kf3 1-0

[Event "Guernsey International Holiday 2016"]
[Site "Guernsey, GCI"]
[Date "2016.10.17"]
[Round "2"]
[White "Stuart, Brian"]
[Black "Kerr, Matthew"]
[Result "1/2-1/2"]
[WhiteElo "1705"]
[BlackElo "1400"]
[PlyCount "68"]
[EventDate "2016.10.16"]
[EventType "swiss"]
[EventRounds "6"]

1. e4 e5 2. Nf3 Nc6 3. Bc4 Nf6 4. d3 Be7 5. O-O d5 6. exd5 Nxd5 7. h3 Na5 8.
Nxe5 Nxc4 9. Nxc4 O-O 10. Nbd2 Nf6 11. Nf3 Re8 12. Re1 b6 13. Bg5 Bb7 14. Ne3
h6 15. Bh4 Nh7 16. Bg3 Ng5 17. Nd2 Qd7 18. Qg4 Qc6 19. Bf4 Bc8 20. Qg3 Bd6 21.
Bxd6 Qxd6 22. Qxd6 cxd6 23. Nec4 Rd8 24. Re2 d5 25. Ne5 Re8 26. Rae1 Bb7 27. h4
Ne6 28. Nef3 Kf8 29. Nb3 Nf4 30. Rxe8+ Rxe8 31. Rxe8+ Kxe8 32. Nbd4 Ke7 33. Nh2
g6 34. Nf1 Ne6 1/2-1/2